| 000 | 01747cam a22004457a 4500 | ||
|---|---|---|---|
| 001 | 8363664 | ||
| 003 | OSt | ||
| 005 | 20210903121137.0 | ||
| 006 | m d | ||
| 007 | cr n | ||
| 008 | 090806s2010 ne a sb 101 0 eng d | ||
| 015 |
_aGBB066052 _2bnb |
||
| 016 | 7 |
_a015563273 _2Uk |
|
| 020 | _a9789048135165 (alk. paper) | ||
| 035 | _a(WaSeSS)ssj0000399608 | ||
| 038 | _akhadija | ||
| 040 |
_aUKM _cUKM _dBTCTA _dYDXCP _dEMU _dCDX _dDLC _dWaSeSS |
||
| 042 |
_aukblsr _alccopycat |
||
| 050 | 4 |
_aT59.5 _b.I538 2010 |
|
| 050 | 4 | _aQ335 | |
| 082 | 0 | 4 |
_a006.3 _222 _bINT |
| 100 |
_aCastillo, Oscar _981821 |
||
| 210 | 1 | 0 | _aIntelligent automation and computer engineering |
| 245 | 0 | 0 |
_aIntelligent automation and computer engineering / _cSio-Iong Ao, Oscar Castillo, Xu Huang, editors. |
| 260 |
_aDordrecht ; _aNew York : _bSpringer, _cc2010. |
||
| 490 | 0 |
_aLecture notes in electrical engineering, _x1876-1100 ; _vv. 52 |
|
| 500 | _aRevised and extended papers from the International Multi-Conference of Engineers and Computer Scientists (IMECS 2009), held in Hong Kong from March 18-20, 2009. | ||
| 504 | _aIncludes bibliographical references and index. | ||
| 506 | _aLicense restrictions may limit access. | ||
| 563 | _ahardcover | ||
| 650 | 0 |
_aAutomation _vCongresses. _982124 |
|
| 650 | 0 |
_aArtificial intelligence _vCongresses. _982107 |
|
| 700 | 1 |
_aAo, Sio-Iong. _982125 |
|
| 700 | 1 |
_aCastillo, Oscar, _d1959- _981823 |
|
| 700 | 1 |
_aHuang, Xu, _cDr. _982126 |
|
| 773 | 0 | _tSpringerLink ebooks - Engineering (2010) | |
| 856 | 4 | 0 |
_uhttp://www.columbia.edu/cgi-bin/cul/resolve?clio8363664 _zFull text available from SpringerLink ebooks - Engineering (2010) |
| 910 | _aLibrary of Congress record | ||
| 942 |
_2ddc _cBK |
||
| 999 |
_c32953 _d32953 |
||